| 000 | 00795nam a2200205Ii 4500 | ||
|---|---|---|---|
| 003 | JO-AjNU | ||
| 008 | 230605s9999||||xx |||||||||||||| ||und|| | ||
| 017 | _a2003/7/1501 | ||
| 040 |
_aJO-AjNU _bara _erda _cJO-AjNU |
||
| 041 | _aara | ||
| 050 | 1 | 4 | _aDS172.6.O3.M3782 2003 |
| 100 | 3 |
_aتاليف المسعودي، سلام, _eauthor _916117 |
|
| 245 | 0 | 0 | _aالسياسة الصهيونية في تهويد الأراضي الفلسطينية |
| 264 | 3 | 1 | _aعمان: دار اسامة للنشر والتوزيع، 2003 |
| 300 | _a240ص | ||
| 336 |
_atext _btxt _2rdacontent |
||
| 337 |
_aunmediated _bn _2rdamedia |
||
| 338 |
_avolume _bnc _2rdacarrier |
||
| 650 | 4 |
_aالصهيونية- الاراضي العربية المحتلة-وعد بلفور 1917-التهويد- اسرائيل _916118 |
|
| 999 |
_aA4705 _c8273 _d8273 |
||